[Event "Niedersachsen-ch op A"]
[Site "Verden"]
[Date "2018.01.04"]
[Round "2"]
[White "Wolterink, Thorsten"]
[Black "Boerma, Daniel"]
[Result "0-1"]
[WhiteElo "1852"]
[BlackElo "1768"]
[PlyCount "114"]
[EventDate "2018.01.04"]
[EventType "swiss"]
[EventRounds "7"]
[EventCountry "GER"]
[SourceTitle "EXT 2022"]
[Source "ChessBase"]
[SourceDate "2021.10.06"]
[SourceVersion "1"]
[SourceVersionDate "2021.10.06"]
[SourceQuality "1"]

1. d4 Nf6 2. Bf4 c5 3. e3 g6 4. c3 cxd4 5. exd4 Bg7 6. Nf3 d6 7. Bd3 0-0 8. 0-0 Nbd7 9. Re1 a6 10. Nbd2 b5 11. a4 bxa4 12. Qxa4 Re8 13. Rad1 Bb7 14. Qa2 d5 15. h3 e6 16. g4 h6 17. Ne5 Nxe5 18. Bxe5 Nd7 19. Bxg7 Kxg7 20. Nf3 Qb6 21. Re3 a5 22. Qa4 Bc6 23. Qc2 Bb5 24. g5 h5 25. Qe2 Bxd3 26. Rdxd3 Rab8 27. Rd2 Qd6 28. Ne5 Nxe5 29. dxe5 Qe7 30. h4 Rb6 31. c4 dxc4 32. Qxc4 Rb4 33. Qc6 Rxh4 34. Rg3 Rd8 35. Rd6 Rd4 36. Rxd4 Rxd4 37. Qc3 Rd1+ 38. Kh2 Qb4 39. Qf3 Qe1 40. Qf6+ Kg8 41. Rf3 Qh1+ 42. Kg3 Rg1+ 43. Kf4 Qh4+ 44. Ke3 Qxg5+ 45. Rf4 Qxf6 46. exf6 Rg5 47. Ra4 Rf5 48. f3 g5 49. Kf2 Kh7 50. Kg3 Kg6 51. b4 axb4 52. Rxb4 Kxf6 53. Rb8 h4+ 54. Kg2 Rf4 55. Rh8 Kf5 56. Rh7 f6 57. Ra7 h3+ 0-1

[Event "Niedersachsen-ch op-A"]
[Site "Verden"]
[Date "2014.01.04"]
[Round "5"]
[White "Fischer, Manfred"]
[Black "Wolterink, Thorsten"]
[Result "0-1"]
[WhiteElo "1828"]
[BlackElo "1767"]
[PlyCount "58"]
[EventDate "2014.01.02"]
[EventType "swiss"]
[EventRounds "7"]
[EventCountry "GER"]
[SourceTitle "EXT 2016"]
[Source "ChessBase"]
[SourceDate "2015.10.08"]
[SourceVersion "1"]
[SourceVersionDate "2015.10.08"]
[SourceQuality "1"]

1. e4 Nf6 2. e5 Nd5 3. d4 d6 4. c4 Nb6 5. f4 dxe5 6. fxe5 e6 7. Nf3 c5 8. Be3 cxd4 9. Bxd4 Nc6 10. Nc3 Nxd4 11. Qxd4 Qxd4 12. Nxd4 a6 13. a3 Bc5 14. Nf3 Bd7 15. Bd3 Bc6 16. 0-0-0 0-0 17. Kc2 Rfd8 18. b4 Be7 19. Kb3 f5 20. a4 a5 21. b5 Be8 22. h4 Bh5 23. Be2 h6 24. Nd4 Bf7 25. g4 fxg4 26. Bxg4 Rdc8 27. Bxe6 Bxe6 28. Nxe6 Rxc4 29. Rd7 Rb4+ 0-1